[Event "FRA-ch U16"]
[Site "Le Grand Bornand"]
[Date "2007.12.04"]
[Round "9"]
[White "Mahiouz, Oualid"]
[Black "Martin, Tristan"]
[Result "1-0"]
[WhiteElo "1943"]
[BlackElo "1953"]
[PlyCount "61"]
[EventDate "2007.04.07"]
[EventType "swiss"]
[EventRounds "9"]
[EventCountry "FRA"]
[SourceTitle "CBM 118 Extra"]
[Source "ChessBase"]
[SourceDate "2007.07.04"]
[SourceVersion "1"]
[SourceVersionDate "2007.07.04"]
[SourceQuality "1"]

1. e4 c5 2. Nc3 Nc6 3. f4 g6 4. Nf3 Bg7 5. Bc4 e6 6. f5 Nge7 7. 0-0 0-0 8. fxe6 dxe6 9. a4 Nb4 10. d3 Nec6 11. Bg5 Qd7 12. Qd2 Na5 13. Ba2 Nxa2 14. Nxa2 Qxa4 15. Nc3 Qb4 16. Bh6 Nc6 17. Bxg7 Kxg7 18. Ra4 Qb6 19. e5 Qc7 20. Rh4 h5 21. Qg5 Qe7 22. Qg3 Kh6 23. Ne4 Nd4 24. Qf4+ Kg7 25. Nxd4 cxd4 26. Nf6 Rh8 27. Qg5 Kf8 28. Rxd4 b6 29. Ne4 Ba6 30. Qxg6 Rc8 31. Nd6 1-0

[Event "FRA-ch U16"]
[Site "Le Grand Bornand"]
[Date "2007.04.11"]
[Round "5"]
[White "Sochacki, Wojtek"]
[Black "Martin, Tristan"]
[Result "1-0"]
[WhiteElo "2068"]
[BlackElo "1953"]
[PlyCount "85"]
[EventDate "2007.04.07"]
[EventType "swiss"]
[EventRounds "9"]
[EventCountry "FRA"]
[SourceTitle "CBM 118 Extra"]
[Source "ChessBase"]
[SourceDate "2007.07.04"]
[SourceVersion "1"]
[SourceVersionDate "2007.07.04"]
[SourceQuality "1"]

1. e4 c5 2. Nf3 d6 3. d4 cxd4 4. Nxd4 Nf6 5. Nc3 a6 6. Bc4 e6 7. Bb3 b5 8. Bg5 Be7 9. Qf3 Qc7 10. 0-0-0 0-0 11. e5 dxe5 12. Ndxb5 Qc6 13. Qxc6 Nxc6 14. Nd6 Nd4 15. Nxc8 Rfxc8 16. f4 Rxc3 17. fxe5 Ne2+ 18. Kb1 Rxb3 19. axb3 Nd5 20. Bxe7 Nxe7 21. g3 Nf5 22. c3 h5 23. Rde1 Nexg3 24. hxg3 g6 25. Rhg1 Rd8 26. Kc2 Rd5 27. Re4 Kg7 28. g4 hxg4 29. Rgxg4 Kh6 30. Rg1 g5 31. c4 Rd8 32. Kc3 Ne7 33. b4 Nc6 34. Ra1 Rb8 35. c5 a5 36. bxa5 Rb5 37. b4 Kg6 38. a6 Kf5 39. Rc4 Kxe5 40. a7 Nxa7 41. Rxa7 f5 42. c6 Rb8 43. Rd7 1-0

[Event "FRA-chT3 Gr14 0607"]
[Site "France"]
[Date "2007.01.21"]
[Round "5.7"]
[White "Berring, Alain"]
[Black "Martin, Tristan"]
[Result "1/2-1/2"]
[WhiteElo "2030"]
[BlackElo "1953"]
[PlyCount "88"]
[EventDate "2006.10.15"]
[EventType "team-tourn"]
[EventRounds "9"]
[EventCountry "FRA"]
[SourceTitle "EXT 2008"]
[Source "ChessBase"]
[SourceDate "2007.11.25"]
[SourceVersion "1"]
[SourceVersionDate "2007.11.25"]
[SourceQuality "1"]

1. d4 d5 2. c4 c6 3. Nf3 Nf6 4. Nc3 e6 5. e3 Nbd7 6. Qc2 Bd6 7. Be2 0-0 8. 0-0 a6 9. Rd1 Qe7 10. e4 dxe4 11. Nxe4 Nxe4 12. Qxe4 Nf6 13. Qh4 Nd7 14. Qxe7 Bxe7 15. Bf4 Rd8 16. Rac1 Bf6 17. b3 a5 18. a4 b6 19. Bc7 Re8 20. Ne5 Ra7 21. Nxd7 Rxc7 22. Nxf6+ gxf6 23. c5 b5 24. axb5 cxb5 25. Bxb5 Rd8 26. Kf1 Kf8 27. Ke2 Bb7 28. f3 Bd5 29. Bc4 Rb7 30. Bxd5 Rxd5 31. Rd3 Ke7 32. Ra1 Rb5 33. Ke3 Kd7 34. f4 Kc6 35. Rf1 f5 36. Rf3 Rd7 37. Rg3 Rbb7 38. Rg8 f6 39. Ra8 Ra7 40. Rb8 Rab7 41. Rc8+ Rdc7 42. Rf8 Rf7 43. Rd8 Rfd7 44. Rc8+ Rdc7 1/2-1/2

[Event "FRA-chT2 East 0607"]
[Site "France"]
[Date "2006.12.10"]
[Round "4.7"]
[White "Hartmann, Dominique"]
[Black "Martin, Tristan"]
[Result "0-1"]
[WhiteElo "1987"]
[BlackElo "1961"]
[PlyCount "88"]
[EventDate "2006.10.15"]
[EventType "team-tourn"]
[EventRounds "11"]
[EventCountry "FRA"]
[SourceTitle "EXT 2008"]
[Source "ChessBase"]
[SourceDate "2007.11.25"]
[SourceVersion "1"]
[SourceVersionDate "2007.11.25"]
[SourceQuality "1"]
[WhiteTeam "Metz Fischer II"]
[BlackTeam "Mundolsheim"]
[WhiteTeamCountry "FRA"]
[BlackTeamCountry "FRA"]

1. d4 d5 2. Nf3 Nf6 3. e3 Bf5 4. c4 c6 5. Qb3 Qc7 6. cxd5 cxd5 7. Nc3 e6 8. Bb5+ Nc6 9. Ne5 Bd6 10. f4 0-0 11. Bd2 a6 12. Be2 Na5 13. Qd1 Nc4 14. Nxc4 dxc4 15. g4 Bg6 16. h4 h6 17. Bf3 Rac8 18. g5 Nd7 19. gxh6 gxh6 20. Rg1 Kh7 21. h5 Bd3 22. Be4+ Bxe4 23. Nxe4 Rg8 24. Kf2 Be7 25. Qc2 f5 26. Nc3 Nf6 27. d5 Qd7 28. dxe6 Qxe6 29. Rae1 b5 30. e4 Bc5+ 31. Be3 Ng4+ 32. Rxg4 Bxe3+ 33. Rxe3 Rxg4 34. exf5 Rg2+ 35. Kxg2 Qxe3 36. f6+ Kh8 37. f7 Qxf4 38. Qg6 Qg5+ 39. Kf3 Qxg6 40. hxg6 Kg7 41. Nd5 Rc6 42. Nf4 b4 43. Ke2 Rd6 44. Nh5+ Kf8 0-1